Κατάλογος Βιβλιοθηκών Mediterranean College

Introduction to International Business (Record no. 737)

MARC details
000 -LEADER
fixed length control field 01533cam a22001934a 4500
005 - ΗΜΕΡΟΜΗΝΙΑ ΚΑΙ ΩΡΑ ΤΕΛΕΥΤΑΙΑΣ ΕΝΗΜΕΡΩΣΗΣ
Πεδίο ελέγχου 20250605163944.0
008 - FIXED-LENGTH DATA ELEMENTS--GENERAL INFORMATION
Πεδίο ελέγχου σταθερού μήκους 250528s ||||||||||||||||||||||||d
035 ## - SYSTEM CONTROL NUMBER
System control number 15143
020 ## - ISBN
ISBN 77078713
040 ## - ΠΗΓΗ ΚΑΤΑΛΟΓΟΓΡΑΦΗΣΗΣ
Φορέας πρωτότυπης καταλογογράφησης MC Athens Campus Library
Γλώσσα καταλογογράφησης Ελληνικά, Μοντέρνα (1453-)
Modifying agency MC Athens Campus Library
Κανόνες περιγραφικής καταλογογράφησης AACR2
245 1# - ΤΙΤΛΟΣ ΚΑΙ ΔΗΛΩΣΗ ΥΠΕΥΘΥΝΟΤΗΤΑΣ
Τίτλος Introduction to International Business
260 ## - PUBLICATION, DISTRIBUTION, ETC.
Name of publisher, distributor, etc. Mcgraw Hill Publishing Company,
Date of publication, distribution, etc. 1994
300 ## - PHYSICAL DESCRIPTION
Extent 222
520 ## - SUMMARY, ETC.
Summary, etc. This book provides a comprehensive analysis of international business in the world's socio-political and multicultural context. Preface: Towards a Political Economy of International Business, Acknowledgements, The Environment of International Business, Analyzing the Environment of International Business, Political Risk Analysis, Legal Environment Analysis, The Sociocultural Environment of International Business, The Financial Environment of International Business, The Internationalization of Business, The Internationalization of Trade, Modern Theories of the Firm, The Changing Relationship Between Governments and Firms, The Globalization of Business Operations and Management, International Human Resource Management, International Marketing, Global Strategic Management, Business in the Single European Market, The Creation of the Single European Market, From Economic to Political Union, Strategies for the Single European Market, Doing Business in Central and Eastern Europe, Glossary of Key Terms, Selected Newspapers and Journals, References.
700 1# - ΠΡΟΣΘΕΤΗ ΑΝΑΓΡΑΦΗ--ΦΥΣΙΚΟ ΠΡΟΣΩΠΟ
Personal name El Kahal Sonia
9 (RLIN) 998
942 ## - ADDED ENTRY ELEMENTS (KOHA)
Koha item type Books
Holdings
Τύπος τεκμηρίου Βιβλιοθήκη Τρέχουσα τοποθεσία Barcode Αριθμός εισαγωγής Ημερομηνία απόκτησης Ταξιθετικό σύμβολο Αριθμός αντιτύπου Κατάσταση απόσυρσης Κατάσταση χαμένου Κατάσταση κατεστραμμένου Μη δανεισμός Σύνολο δανεισμών Ημερομηνία τελευταίας εμφάνισης Η τιμή ισχύει από
Books MC Athens Campus Library MC Athens Campus Library 9780000007360 1374 05/06/2025 658/.049 ELK 1           05/06/2025 05/06/2025

MC Athens Campus Library
Πατησίων 94 & Κοδριγκτώνος 13, 104 34
Πελλήνης 8 & Πατησίων 107, 112 51
Τ: +30 210 8899600

MC Thessaloniki Campus Library
Ίωνος Δραγούμη 21, 54625 | Ίωνος Δραγούμη 15, 54625
Τ: +30 2310 287779 – Τ: +30 2314 440300